000 00755nam a22002297a 4500
003 LK-CoMWRAF
005 20231231112309.0
008 230902b1996 |||||||| |||| 00| 0 eng d
020 _a9559484001
040 _aLK-CoMWRAF
_dLK-CoMWRAF
_eLK-CoMWRAF
041 _asin
082 _a891.483
_bAJI
100 _vAjidarma, Seno, Gumira
242 _aSaski Mata
245 _aඇහින් දුටු සාක්කි
246 _aAhin dutu sakki
260 _aමීගමුව :
_bආරංචි පුවත් ජාලය,
_c1996
650 _aSINHALA FICTION-Short stories
650 _aIndonesian Fiction-Sinhala Translations
700 _aඩයස්, සිඩ්නි මාක්ස්
_yDias, Sydney Marcus
_etrans.
942 _cBK
999 _c3374
_d3374